000 00507nam a22001697a 4500
005 20240402143306.0
010 _aENG-139429
020 _a9788173414619
_c595.00
035 _aEN-122961
037 _bDBAD/PUB
100 _a By AGRAWAL, C.M.
_964176
245 _aJageshwar:
_bAbode of Lord Shiva/
_cBy C.M Agrawal
260 _aDELHI
_bINDIAN PUBLISHERS DISTRIBUTORS
_c2010
270 _a166-D,KAMLA NAGAR
_bDELHI
_e110007
300 _a166p.
_c25cm(Hb)
942 _2ddc
_cEN
_h230.1
_mAGR
999 _c201049
_d201049